Národná kultúrna pamiatka hrad Devín

Podrobná bibliografia
Hlavný autor: Bagin, Anton, 1923-1992 (Autor)
Médium: Článok
Jazyk:slovenčina
Predmet:

MARC

LEADER 00000nab a2200000 a 4500
001 vtls000066800
003 SK-MaSNL
005 20260304231205.0
008 150430c1980 xo 0 slo
015 |a SNBRB19rr/mm-uuuuu 
035 |a CL0076900 
040 |a SNKBUCL  |b slo  |c SNKBUCL  |e AACR2 
041 0 |a slo 
044 |a xo  |c SK 
080 |a 904  |2 1981 
080 |a 728  |2 1981 
100 1 |a Bagin, Anton,  |d 1923-1992  |4 aut  |9 113281 
245 1 0 |a Národná kultúrna pamiatka  |b hrad Devín  |c Anton Bagin 
610 1 7 |a Devín (Bratislava, Slovensko : hrad)  |2 snkbucl  |9 32085 
650 0 7 |a hrady  |2 snkbucl  |9 3039 
655 7 |a články z novín a časopisov  |2 snkbucl  |9 267496 
773 0 |t Katolícke noviny  |g Roč. 95, č. 36 (1980), s. 5 
850 |a Slovenská národná knižnica 
852 |a Slovenská národná knižnica 
958 |a RK 
958 |a SK 
992 |a RBX 
999 |c 3187464  |d 3189394